[Event "FIN-chT 2223"]
[Site "Finland"]
[Date "2022.09.25"]
[Round "2.7"]
[White "Louhivaara, Jere"]
[Black "Martinec, Tamas"]
[Result "0-1"]
[WhiteElo "2040"]
[BlackElo "1850"]
[PlyCount "90"]
[EventDate "2022.09.24"]
[EventType "team-tourn"]
[EventRounds "11"]
[EventCountry "FIN"]
[SourceTitle "CBM 210 Extra"]
[Source "ChessBase"]
[SourceDate "2022.11.30"]
[SourceVersion "1"]
[SourceVersionDate "2022.11.30"]
[SourceQuality "1"]
[WhiteTeam "Helsinki HSK"]
[BlackTeam "Tampere Tammer"]
[WhiteTeamCountry "FIN"]
[BlackTeamCountry "FIN"]

1. e4 c5 2. c3 d5 3. exd5 Nf6 4. Bb5+ Nbd7 5. d4 Nxd5 6. Nf3 e6 7. 0-0 a6 8. Bxd7+ Bxd7 9. c4 Nf6 10. Nc3 cxd4 11. Nxd4 Rc8 12. Qb3 Qc7 13. Rd1 Be7 14. h3 0-0 15. Rb1 Rfe8 16. Be3 Qxc4 17. Qxb7 e5 18. Nb3 Bc6 19. Qb6 Ba8 20. Nd2 Qh4 21. Qxa6 g5 22. Qe2 g4 23. hxg4 Nxg4 24. Nf1 f5 25. Nd5 Bd8 26. g3 Qh5 27. f3 Qf7 28. fxg4 Bxd5 29. Qf2 fxg4 30. Qxf7+ Bxf7 31. b3 Be7 32. Nd2 Rc3 33. Kf2 Rec8 34. Ke2 Bg6 35. Ra1 Bd3+ 36. Ke1 Bc2 37. Ke2 Bxd1+ 38. Rxd1 Rc2 39. a4 Kg7 40. Kd3 Rb2 41. a5 Bb4 42. Bb6 Rc6 43. Be3 Bxa5 44. Ke4 Bxd2 45. Bxd2 Rd6 0-1